| 000 | 01415cam a2200277 4500 | ||
|---|---|---|---|
| 001 | 76792 | ||
| 003 | BD-RjUL | ||
| 005 | 20211209082904.0 | ||
| 008 | 200120s1966 enkf b 000 0 eng | ||
| 035 | _a(BD-RjUL) | ||
| 040 |
_aDLC _cDLC _dDLC _beng |
||
| 041 | _aeng | ||
| 082 | 0 | 0 |
_a822.309 _223 _bELI 1966 |
| 245 | 1 | 0 |
_aElizabethan theatre. _c ed. by John Russel Brown and Bernard Harris |
| 260 |
_aLondon: _bEdward Arnold, _c1966. |
||
| 300 |
_a248 p. : _b2 plates.; _c23 cm. |
||
| 504 | _aIncludes bibliographies. | ||
| 505 | 0 | _aElizabethan tragic heroes, by D. J. Palmer.--The Tudor interlude and later Elizabethan drama, by T. W. Craik.--The Spanish tragedy, or The pleasures and perils of rhetoric, by J. A. Barish.--Marlowe the dramatist, by N. Brooke.--Romantic narrative plays: 1570-1590, by P. Russell.--The formal influence of Plautus and Terence, by R. Hosley.--John Lyly and the language of play, by J. Powell.--The court and the dramatists, by M. Jones.--Hackwriting and the Huntingdon plays, by J. C. Meagher.--Ben Jonson: the makings of the dramatist (1596-1602), by E. B. Partridge. | |
| 650 | 0 |
_aEnglish drama _yEarly modern and Elizabethan, 1500-1600 _xHistory and criticism. _9237924 |
|
| 906 |
_a7 _bcbc _corignew _du _eopcn _f19 _gy-gencatlg |
||
| 942 |
_2ddc _cBK |
||
| 999 |
_c76792 _d76792 |
||